<?xml version="1.0" encoding="UTF-8"?>
<record
    xmlns:xsi="http://www.w3.org/2001/XMLSchema-instance"
    xsi:schemaLocation="http://www.loc.gov/MARC21/slim http://www.loc.gov/standards/marcxml/schema/MARC21slim.xsd"
    xmlns="http://www.loc.gov/MARC21/slim">

  <leader>01644nam a22002417a 4500</leader>
  <controlfield tag="005">20230721144521.0</controlfield>
  <controlfield tag="008">230721b           ||||| |||| 00| 0 eng d</controlfield>
  <datafield tag="020" ind1=" " ind2=" ">
    <subfield code="a">9788189059545</subfield>
  </datafield>
  <datafield tag="040" ind1=" " ind2=" ">
    <subfield code="c">AL</subfield>
  </datafield>
  <datafield tag="041" ind1=" " ind2=" ">
    <subfield code="a">English</subfield>
  </datafield>
  <datafield tag="082" ind1=" " ind2=" ">
    <subfield code="2">23</subfield>
    <subfield code="a">305.800954</subfield>
    <subfield code="b">ZELA</subfield>
  </datafield>
  <datafield tag="100" ind1=" " ind2=" ">
    <subfield code="a">Eleanor Zelliot</subfield>
    <subfield code="9">128061</subfield>
  </datafield>
  <datafield tag="245" ind1=" " ind2=" ">
    <subfield code="a">Ambedkars World: The Making of Babasaheb and the Dalit Movement</subfield>
  </datafield>
  <datafield tag="260" ind1=" " ind2=" ">
    <subfield code="a">New Delhi</subfield>
    <subfield code="b">Navayana Publications </subfield>
    <subfield code="c">2004</subfield>
  </datafield>
  <datafield tag="300" ind1=" " ind2=" ">
    <subfield code="a">303 p.</subfield>
    <subfield code="b">PB</subfield>
    <subfield code="c">21.5x14 cm.</subfield>
  </datafield>
  <datafield tag="365" ind1=" " ind2=" ">
    <subfield code="a">BLCR-000023</subfield>
    <subfield code="b">319.00</subfield>
    <subfield code="c">&#x20B9;</subfield>
    <subfield code="d">399.00</subfield>
    <subfield code="e">20%</subfield>
    <subfield code="f">11-07-2023</subfield>
  </datafield>
  <datafield tag="520" ind1=" " ind2=" ">
    <subfield code="a">This is a classic monograph on the mahar movement in western india it documents the social and political forces that shaped bhimrao ramji ambedkar (1891 56), the greatest leader of dalits, and the manner in which ambedkar shaped the destiny of the dalits of maharashtra and india zelliot chronicles the movement from its origins with the first mahar petition in 1890 till its culmination in the mass conversion to buddhism in 1956 she describes the defining influences of the pre-ambedkar leadership, the mahar army tradition, the cult of cokhamela, the mahad satyagraha, the temple-entry movements, the various newspapers ambedkar edited, the round table conferences, and the political parties ambedkar founded using a wide array of primary sources, she offers a rich history of one of modern india s most defining movements in its scope and depth as a single-caste history, ambedkar s world remains as yet unsurpassed.</subfield>
  </datafield>
  <datafield tag="650" ind1=" " ind2=" ">
    <subfield code="a">Mahars</subfield>
    <subfield code="9">128062</subfield>
  </datafield>
  <datafield tag="650" ind1=" " ind2=" ">
    <subfield code="a">Dalits</subfield>
    <subfield code="9">128063</subfield>
  </datafield>
  <datafield tag="650" ind1=" " ind2=" ">
    <subfield code="a">Politics and government</subfield>
    <subfield code="9">128064</subfield>
  </datafield>
  <datafield tag="700" ind1=" " ind2=" ">
    <subfield code="a">ZELLIOT (Eleanor)</subfield>
    <subfield code="9">128065</subfield>
  </datafield>
  <datafield tag="942" ind1=" " ind2=" ">
    <subfield code="2">ddc</subfield>
    <subfield code="c">BK</subfield>
  </datafield>
  <datafield tag="999" ind1=" " ind2=" ">
    <subfield code="c">228047</subfield>
    <subfield code="d">228047</subfield>
  </datafield>
  <datafield tag="952" ind1=" " ind2=" ">
    <subfield code="0">0</subfield>
    <subfield code="1">0</subfield>
    <subfield code="2">ddc</subfield>
    <subfield code="4">0</subfield>
    <subfield code="7">0</subfield>
    <subfield code="8">PS</subfield>
    <subfield code="a">AL</subfield>
    <subfield code="b">AL</subfield>
    <subfield code="d">2023-07-20</subfield>
    <subfield code="e">Navakarnataka Publications Pvt.Ltd.</subfield>
    <subfield code="g">319.00</subfield>
    <subfield code="l">1</subfield>
    <subfield code="o">305.800954 ZELA</subfield>
    <subfield code="p">076593</subfield>
    <subfield code="r">2024-04-02 00:00:00</subfield>
    <subfield code="s">2023-12-23</subfield>
    <subfield code="v">399.00</subfield>
    <subfield code="w">2023-07-21</subfield>
    <subfield code="y">BK</subfield>
  </datafield>
</record>
